The Tretyakov Gallery: Moscow (Record no. 1490)

000 -LEADER
fixed length control field 00614nam a22002057a 4500
003 - CONTROL NUMBER IDENTIFIER
control field OSt
005 - DATE AND TIME OF LATEST TRANSACTION
control field 20210423064401.0
008 - FIXED-LENGTH DATA ELEMENTS--GENERAL INFORMATION
fixed length control field 210217s1986 ||||| |||| 00| 0 eng d
040 ## - CATALOGING SOURCE
Original cataloging agency eng
Language of cataloging eng
Transcribing agency DLC
041 ## - LANGUAGE CODE
Language code of text/sound track or separate title eng
Language code of original rus
080 ## - UNIVERSAL DECIMAL CLASSIFICATION NUMBER
Universal Decimal Classification number 7
Item number I-81
100 ## - MAIN ENTRY--PERSONAL NAME
9 (RLIN) 930
Personal name Iovleva, Lydia
245 ## - TITLE STATEMENT
Title The Tretyakov Gallery: Moscow
Remainder of title : Russian and Soviet Painting
Statement of responsibility, etc. / by: Aurora Art Publishers
260 ## - PUBLICATION, DISTRIBUTION, ETC.
Place of publication, distribution, etc. Leningrad / Peterborough
Name of publisher, distributor, etc. Aurora Art Publishers
Date of publication, distribution, etc. 1986
300 ## - PHYSICAL DESCRIPTION
Extent 286 p.
Other physical details ill.
650 #0 - SUBJECT ADDED ENTRY--TOPICAL TERM
9 (RLIN) 447
Topical term or geographic name entry element Art
653 ## - INDEX TERM--UNCONTROLLED
Uncontrolled term ხელოვნება
700 ## - ADDED ENTRY--PERSONAL NAME
9 (RLIN) 931
Personal name Staros, Kristina
Relator term Translator
942 ## - ADDED ENTRY ELEMENTS (KOHA)
Source of classification or shelving scheme
Koha item type Books
Holdings
Withdrawn status Lost status Source of classification or shelving scheme Damaged status Not for loan Permanent location Current location Date acquired Inventory number Total Checkouts Full call number Barcode Date last seen Price effective from Koha item type
          Ken Walker International University Ken Walker International University 02/17/2021 1458   7 I-81 1458 02/17/2021 02/17/2021 Books

Powered by Koha